000 00969pam a2200277 a 4500
999 _c1083
_d1083
001 1179826
003 OSt
005 20190830101939.0
008 970324s1997 moua b 001 0 eng c
010 _a 97011635
020 _a0801664845
040 _aDNLM/DLC
_cDLC
_dDLC
050 1 0 _aRS91
_b.T54 1997
060 1 0 _aQV 737 T564c 1997
082 0 0 _aQV 737 T446c 1997
_221
100 1 _aTietze, Karen J.
_92926
245 1 0 _aClinical skills for pharmacists :
_ba patient-focused approach
260 _aSt. Louis, Mo. :
_bMosby,
_cc1997.
300 _axi, 223 p. :
_bill. ;
_c24 cm.
500 _aA Times Mirror Company--T.p verso.
504 _aIncludes bibliographical references and index.
650 0 _aPharmacy skills
_92927
906 _a7
_bcbc
_corignew
_d1
_eocip
_f19
_gy-gencatlg
942 _2z
_cSLOAN